<?xml version="1.0" encoding="UTF-8"?>
<record
    xmlns:xsi="http://www.w3.org/2001/XMLSchema-instance"
    xsi:schemaLocation="http://www.loc.gov/MARC21/slim http://www.loc.gov/standards/marcxml/schema/MARC21slim.xsd"
    xmlns="http://www.loc.gov/MARC21/slim">

  <leader>01788nam a2200289 i 4500</leader>
  <controlfield tag="003">DO-SdBNP</controlfield>
  <controlfield tag="005">20260304082350.0</controlfield>
  <controlfield tag="007">ta</controlfield>
  <controlfield tag="008">260304b2025    dr ||||| |||| 00| 0 spa d</controlfield>
  <datafield tag="020" ind1=" " ind2=" ">
    <subfield code="a">9789945637885</subfield>
  </datafield>
  <datafield tag="040" ind1=" " ind2=" ">
    <subfield code="a">DO-SdBNP</subfield>
    <subfield code="b">spa</subfield>
    <subfield code="c">BNPHU</subfield>
    <subfield code="e">rda</subfield>
  </datafield>
  <datafield tag="041" ind1=" " ind2=" ">
    <subfield code="a">spa</subfield>
  </datafield>
  <datafield tag="082" ind1=" " ind2="4">
    <subfield code="a">xxx</subfield>
    <subfield code="b">F953i 2025</subfield>
    <subfield code="2">22</subfield>
  </datafield>
  <datafield tag="100" ind1="1" ind2=" ">
    <subfield code="a">Fuel Liao, Yuan </subfield>
    <subfield code="e">autor</subfield>
    <subfield code="4">aut.</subfield>
    <subfield code="9">89122</subfield>
  </datafield>
  <datafield tag="245" ind1="1" ind2="0">
    <subfield code="a">Infi/mitos :</subfield>
    <subfield code="b">lo &#xED;nfimo, lo &#xED;ntimo y lo infinito /</subfield>
    <subfield code="c">Yuan Fuel Liao.</subfield>
  </datafield>
  <datafield tag="250" ind1=" " ind2=" ">
    <subfield code="a">Segunda edici&#xF3;n, revisada y ampliada  </subfield>
  </datafield>
  <datafield tag="264" ind1=" " ind2="4">
    <subfield code="a">Santo Domingo, Rep&#xFA;blica Dominicana :  </subfield>
    <subfield code="b">Editorial Isla Negra, </subfield>
    <subfield code="c">&#xA9;2025.</subfield>
  </datafield>
  <datafield tag="300" ind1=" " ind2=" ">
    <subfield code="a">231 p&#xE1;ginas ;</subfield>
    <subfield code="c">16 cm.</subfield>
  </datafield>
  <datafield tag="336" ind1=" " ind2=" ">
    <subfield code="a">texto</subfield>
    <subfield code="b">txt</subfield>
    <subfield code="2">rdacontent</subfield>
  </datafield>
  <datafield tag="337" ind1=" " ind2=" ">
    <subfield code="a">sin mediaci&#xF3;n </subfield>
    <subfield code="b">n</subfield>
    <subfield code="2">rdamedia</subfield>
  </datafield>
  <datafield tag="338" ind1=" " ind2=" ">
    <subfield code="a">volumen</subfield>
    <subfield code="b">nc</subfield>
    <subfield code="2">rdacarrier</subfield>
  </datafield>
  <datafield tag="490" ind1=" " ind2=" ">
    <subfield code="a">Colecci&#xF3;n el canon secuestrado</subfield>
  </datafield>
  <datafield tag="520" ind1=" " ind2=" ">
    <subfield code="a">Yuan Fuei L&#xED;ao escribe desde la vocalidad org&#xE1;nica de un saber sabroso; como el ni&#xF1;o que descubre un mundo que se abre ante s&#xED; mientras repite en lo m&#xE1;s &#xED;ntimo, a escondidas (como los dioses), palabras prohibidas hechas mantras creacionales. Estos Infi/Mitos, marcaribe&#xF1;os por gravedad, llevan la palabra al origen y le devuelven su plasticidad acuosa y concomitante de logos spermatikos. Como en todo mito, lo &#xED;nfimo y lo infinito (polvo y humus) se integran dando paso a un sentido que desborda el simple nombrar. As&#xED; lo &#xED;nfimo de la palabra como part&#xED;cula se transforma en juego de sonidos, jerga dominico/urbana, caligramas, paranomasia, en retru&#xE9;canos y palimpsestos trasformadores; en fin: en el misterio (cruz/y/grama) multidimensional del lenguaje cuando alcanza el arte y que llamamos poes&#xED;a.
&#x2013;Jorge David Capiello-Ortiz, profesor
Universidad de Puerto Rico Humacao</subfield>
  </datafield>
  <datafield tag="590" ind1=" " ind2=" ">
    <subfield code="a">Inventariado, 2026/LP</subfield>
  </datafield>
  <datafield tag="910" ind1=" " ind2=" ">
    <subfield code="a">LP</subfield>
  </datafield>
  <datafield tag="942" ind1=" " ind2=" ">
    <subfield code="2">ddc</subfield>
    <subfield code="c">LBS1</subfield>
  </datafield>
  <datafield tag="952" ind1=" " ind2=" ">
    <subfield code="0">0</subfield>
    <subfield code="1">0</subfield>
    <subfield code="2">ddc</subfield>
    <subfield code="5">1</subfield>
    <subfield code="7">0</subfield>
    <subfield code="8">PD</subfield>
    <subfield code="a">BNPHU</subfield>
    <subfield code="b">BNPHU</subfield>
    <subfield code="c">CT</subfield>
    <subfield code="d">2025-09-30</subfield>
    <subfield code="e">Donado por Editorial Isla Negra </subfield>
    <subfield code="l">0</subfield>
    <subfield code="o">xxx F953i</subfield>
    <subfield code="p">2026-1680</subfield>
    <subfield code="r">2026-03-04</subfield>
    <subfield code="w">2026-03-04</subfield>
    <subfield code="y">LBS1</subfield>
  </datafield>
  <datafield tag="999" ind1=" " ind2=" ">
    <subfield code="c">60416</subfield>
    <subfield code="d">60416</subfield>
  </datafield>
</record>
